| 000 | 00622nac a22001691u 4500 | ||
|---|---|---|---|
| 008 | 090528t xxu||||| |||| 00| 0 eng d | ||
| 082 |
_a621.471 _bRAI |
||
| 100 |
_a20080729 _95596 |
||
| 245 |
_aSolar energy utilisation/ _cG. D. Rai |
||
| 260 |
_aNew Delhi: _bMKhanna publishers, _c2006 |
||
| 300 |
_a644p.: _bill.; _c22 cm. |
||
| 500 | _aDistributer: Al-Ahram | ||
| 511 | _aCatalogued by:wessam | ||
| 650 |
_aSolar energy _95597 |
||
| 942 |
_cBB _k621.471RAI _2ddc |
||
| 999 |
_c10009 _d10009 |
||